| 000 | 00509nam a22001817a 4500 | ||
|---|---|---|---|
| 999 |
_c58221 _d58221 |
||
| 005 | 20210921142746.0 | ||
| 008 | 210921s2009 sp ||||| |||| 00| 0 spa d | ||
| 020 | _a9788764917734 | ||
| 041 | _aspa | ||
| 080 | _a299.925 H-88 | ||
| 100 |
_a Hubbard, L. Ron _912506 |
||
| 245 |
_aVetë analiza _cL. Ron Hubbard. |
||
| 264 |
_aSmedeland, _c2009. |
||
| 300 |
_a375 p. _bilustr. _c24 cm. |
||
| 653 | _a Levizjet shpirtrore | ||
| 653 | _aსულიერი მოძრაობები | ||
| 942 |
_2udc _cBK |
||